000 00459nmm a2200157Ia 4500
008 251105s9999||||xx |||||||||||||||||und||
041 _aspa
100 _aNoguera Fernández, Albert
245 0 _aEl retorno de los humildes
264 _a[Madrid, España] :
_bAkal,
_c2022
300 _a272 páginas
490 _aPensamiento crítico
650 _aPolitical Science (General)
856 _uhttps://public.digitaliapublishing.com/a/113678
942 _cCF
999 _c100430
_d100430